000 00679nam a22002297a 4500
003 UA-OsUOA
001 39878
007 ta
008 20060704b un ||||| |||| 00| 0 ukr d
100 _aПолтавець В.І.
700 _aНерода В.В.
090 _a902
_bП52
942 _cSA
040 _aUA-OsUOA
_bukr
_cUA-OsUOA
_dUA-OsUOA
245 _aНове поселення пізньочорноліської культури на Чигиринщині
300 _aС.58-63
955 _a0
041 _aukr
080 _a902
773 0 _w39874
_tАрхеологія
_dК.
_d2006
_g2
650 7 _a9 Географія. Біографії. Історія
_2UDC
999 _c326019
_d326019